Quizzes
Events
Quiz Creation
Community
Videos
Private Events
Remove Ads
Sign In
Join for FREE
Feedback
Dark Mode
Quiz Categories
Sports
Geography
Music
Movies
Television
Just For Fun
Miscellaneous
History
Literature
Language
Science
Gaming
Entertainment
Religion
Holiday
For Kids
Quiz Lab
Recent
Popular Today
Quiz Kudos Today
Editor Picks
Curator Picks
Quizzes by...
Day
Popularity
Type
Ratings
Length
Year
Community
Subscriptions
Recent Discussions
Orange Saloon
Badges
Playlists
Quests
Create
Leaderboards
Showdown
Live 5
Trivia Bingo
Activity
Puzzle Library
Sporcle Events
Private Events
Virtual Trivia
Globe League
Become a Host
Pub Owners
SporcleCon
Opinionation
Our Games
Videos
Blog
Mobile Apps
Partnerships
Remove Ads and Go Orange
Feedback
Sports
Athletes
MLB
NBA
NHL
NFL
Soccer
Sports Teams
WWE
NCAA
Football
Premier League
Basketball
Baseball
Hockey
Golf
Tennis
Cricket
Rugby
Auto Racing
Olympics
World Cup
Sports
Athletes
MLB
NBA
NHL
NFL
Soccer
Sports Teams
WWE
NCAA
Football
Premier League
Basketball
Baseball
Hockey
Golf
Tennis
Cricket
Rugby
Auto Racing
Olympics
World Cup
Random Quiz
Search Sporcle
×
Quiz Lab
Quiz Lab
Sports
MLB
Type in answers that appear in a list
Type in answers that appear in a list
Classic
Best Score? Go Orange.
MLB Progressive Team Leaders: Single-Season SB Stats
Can you name the progressive single-season leaders in stolen bases for each team since 1961?
By
slacktivist
10m
148 Questions
125 Plays
125 Plays
125 Plays
Comments
Comments
Give Quiz Kudos
Give Quiz Kudos
-
- Ratings
hide this ad
Replay
Link that replays current quiz
Next Quiz
Link to next quiz in quiz playlist
You Got
0%
They Got
Avg Score
53%
Avg Friend Score
Upgrade to see
Score Distribution
Jump to the score distribution portion of the page
Score
0/148
Timer
10:00
0
Plays Today
Hint
Answer
% Correct
Yankees
Rickey Henderson
96.8%
Yankees
Rickey Henderson
96.8%
Yankees
Rickey Henderson
96.8%
Athletics
Rickey Henderson
96.8%
Athletics
Rickey Henderson
96.8%
Cardinals
Lou Brock
92.8%
Cubs
Lou Brock
92.8%
Cardinals
Lou Brock
92.8%
Cardinals
Lou Brock
92.8%
Cardinals
Lou Brock
92.8%
Astros
Joe Morgan
89.6%
Reds
Joe Morgan
89.6%
Reds
Joe Morgan
89.6%
Reds
Joe Morgan
89.6%
Indians
Kenny Lofton
85.6%
Indians
Kenny Lofton
85.6%
Indians
Kenny Lofton
85.6%
Dodgers
Maury Wills
84%
Dodgers
Maury Wills
84%
Pirates
Maury Wills
84%
Pirates
Maury Wills
84%
Rangers
Bump Wills
84%
Rays
Carl Crawford
83.2%
Rays
Carl Crawford
83.2%
Rays
Carl Crawford
83.2%
Marlins
Juan Pierre
82.4%
Royals
Willie Wilson
82.4%
Cubs
Juan Pierre
82.4%
Mets
Mookie Wilson
82.4%
Reds
Eric Davis
80.8%
Red Sox
Jacoby Ellsbury
77.6%
Athletics
Bert Campaneris
77.6%
Athletics
Bert Campaneris
77.6%
Athletics
Bert Campaneris
77.6%
Athletics
Bert Campaneris
77.6%
Athletics
Bert Campaneris
77.6%
Mets
Jose Reyes
76.8%
Braves
Otis Nixon
75.2%
Twins
Rod Carew
74.4%
Mets
Roger Cedeno
73.6%
Astros
Cesar Cedeno
73.6%
Astros
Cesar Cedeno
73.6%
Astros
Cesar Cedeno
73.6%
Astros
Cesar Cedeno
73.6%
Astros
Cesar Cedeno
73.6%
Braves
Hank Aaron
72%
Mets
Cleon Jones
72%
Braves
Hank Aaron
72%
Nationals
Ron LeFlore
67.2%
Tigers
Ron LeFlore
67.2%
Hint
Answer
% Correct
Tigers
Ron LeFlore
67.2%
Tigers
Ron LeFlore
67.2%
Diamondbacks
Devon White
64.8%
Giants
Bobby Bonds
64.8%
Giants
Bobby Bonds
64.8%
Cubs
Ryne Sandberg
64.8%
Rockies
Eric Young
64%
Rockies
Eric Young
64%
Mariners
Harold Reynolds
64%
Cubs
Eric Young
64%
Astros
Gerald Young
64%
Marlins
Luis Castillo
61.6%
Diamondbacks
Tony Womack
61.6%
Twins
Chuck Knoblauch
60.8%
Pirates
Omar Moreno
60.8%
Pirates
Omar Moreno
60.8%
Pirates
Omar Moreno
60.8%
Mariners
Julio Cruz
56%
Angels
Mickey Rivers
56%
Yankees
Mickey Rivers
56%
Phillies
Juan Samuel
56%
Orioles
Luis Aparicio
53.6%
Orioles
Luis Aparicio
53.6%
Royals
Amos Otis
53.6%
White Sox
Luis Aparicio
53.6%
Rockies
Willy Taveras
52.8%
Pirates
Frank Taveras
52.8%
Pirates
Frank Taveras
52.8%
Mets
Frank Taveras
52.8%
Braves
Ralph Garr
52%
Astros
Sonny Jackson
51.2%
Giants
Billy North
51.2%
Athletics
Billy North
51.2%
Reds
Vada Pinson
50.4%
Reds
Vada Pinson
50.4%
Reds
Vada Pinson
50.4%
Astros
Jim Wynn
49.6%
Brewers
Tommy Harper
49.6%
Red Sox
Tommy Harper
49.6%
Phillies
Larry Bowa
49.6%
Phillies
Larry Bowa
49.6%
Phillies
Larry Bowa
49.6%
Reds
Tommy Harper
49.6%
Royals
Freddie Patek
48.8%
Blue Jays
Damaso Garcia
46.4%
Pirates
Matty Alou
45.6%
Padres
Alan Wiggins
44.8%
Padres
Alan Wiggins
44.8%
Mariners
Dave Collins
42.4%
Blue Jays
Dave Collins
42.4%
Hint
Answer
% Correct
Reds
Dave Collins
42.4%
Mets
Tommie Agee
41.6%
Braves
Brett Butler
39.2%
Angels
Sandy Alomar
37.6%
Blue Jays
Alfredo Griffin
36.8%
Indians
Miguel Dilone
36%
Twins
Zoilo Versalles
35.2%
White Sox
Rudy Law
35.2%
Marlins
Chuck Carr
34.4%
Padres
Gene Richards
33.6%
Padres
Gene Richards
33.6%
Padres
Enzo Hernandez
31.2%
Padres
Enzo Hernandez
31.2%
Padres
Enzo Hernandez
31.2%
Yankees
Horace Clarke
31.2%
Yankees
Horace Clarke
31.2%
Cubs
Bobby Dernier
30.4%
Phillies
Bobby Dernier
30.4%
Twins
Cesar Tovar
28.8%
Twins
Cesar Tovar
28.8%
Reds
Bobby Tolan
28%
Angels
Jose Cardenal
22.4%
Indians
Jose Cardenal
22.4%
Cubs
Jose Cardenal
22.4%
Cubs
Ivan de Jesus
22.4%
Cubs
Ivan de Jesus
22.4%
Cubs
Adolfo Phillips
19.2%
Phillies
Tony Taylor
19.2%
Phillies
Tony Taylor
19.2%
Cardinals
Julian Javier
16.8%
Braves
Gerald Perry
16.8%
Mets
Lenny Randle
16.8%
Rangers
Dave Nelson
13.6%
Rays
Randy Winn
12.8%
Tigers
Jake Wood
12%
Red Sox
Joe Foy
11.2%
Indians
Vic Davalillo
9.6%
Indians
Vic Davalillo
9.6%
Nationals
Larry Lintz
8.8%
Braves
Jerry Royster
8.8%
Rangers
Chuck Hinton
8%
Pirates
Donn Clendenon
8%
Rangers
Chuck Hinton
8%
Royals
Pat Kelly
8%
Rays
Miguel Cairo
7.2%
Athletics
Dick Howser
7.2%
Rays
Jason Tyner
5.6%
Rangers
Ed Stroud
3.2%
Quiz Playlist
Details
Report
Send in Message
Add To Playlist
Classic:
Type in answers that appear in a list
Last Updated: May 1, 2017
Quiz Scoreboard
CHALLENGE
Sign Up to Join the Scoreboard
Show All
Scores
Hide
Comments
May contain spoilers
Recently Published
Street Fighter Characters
by Artimus82
Gaming
60s
9x9 Crossword: Cartoon Network
by jackfrog10
Miscellaneous
3m
College Basketball Coaching Resumes
by pancakes188
Sports
9m
More to Explore
Quiz From the Vault
Featured Blog Post
Where Did the Easter Bunny Come From?
hide this ad
You Might Also Like...
Tags
MLB Quiz
1961
base
Leader
Progressive
season
Single Season
stolen
team
Today's Top Quizzes in Sports
Browse Sports
hide this ad
Today's Top Quizzes in MLB
Browse MLB
Top Contributed Quizzes in Sports
1
2022 World Cup Stars
2
Les meilleurs buteurs des matchs entre le PSG et l’OM
3
FIFA Club World Cup Champions
4
Les entraîneurs de l'OM et du PSG au 21e siècle
5
Criteria MLB: Left Handed Sluggers
6
2023 MLB Unique Player Accomplishments
7
AFC Teams Reveal (Wrong Answers Minefield)
8
Players with Multiple 50 Home Run Seasons
9
5-to-1: FBS Animal Nicknames
10
5-to-1: UK Sports Teams
Explore More
Trending Topics
Marvel
Anime
Kpop
NBA
Disney
Harry Potter
Crossword
The Office
Country
WWE
Soccer
NFL
Song
Puzzle
Pokémon
hide this ad
More By:
slacktivist
Quiz
Plays
Rating
Category
Featured
Created
MLB Teams: Last 10 Hitters with .300 Seasons
25,603
4.78
Sports
Apr 26, 2017
MLB: 40 Wins Above Replacement for One Team
12,385
4.81
Sports
Apr 7, 2014
MLB Leaders: Top 10 HR Hitters, Last 30 Seasons
7,156
4.91
Sports
Aug 6, 2015
MLB Leaders: Top 300 Players in Career Home Runs
6,798
4.88
Sports
Feb 6, 2019
MLB: 2010s All-Decade Teams by Career WAR
5,496
4.93
Sports
Mar 25, 2017
Go to Creator's Profile
Score Distribution
Quiz Creator Spotlight
slacktivist
Follow
Send a Message
Quizzes Created
-
Created Quiz Play Count
-
More By This Creator
Popular Quizzes Today
1
Find the US States - No Outlines Minefield
2
Find the Countries of Europe - No Outlines Minefield
3
The Countries of the World
4
Find the US States
5
Risky Map Clicking: Biggest States A-Z
6
US States
7
Popular People in 1961
8
Movies - When Are They Set?
More Sports Quizzes
True or False: Summer Olympics
Published
Trending Quizzes
Risky Map Clicking: Least Populous States A-Z
1-10 Letter G Words
Risky Map Clicking: Next State Alphabetically
Adjectives in 80s TV Shows
The Seven Year Switch: Catherine
Recently Updated
Leaping Animals
pecheneg
Reality TV Shows (A-Z)
bhenderson79
Rickey Henderson's Hall of Fame Teammates
pecheneg
Champions League XIs: Arsenal
pecheneg
Quick Pick: Celebrities in WWE's Hall of Fame
aduchscher
A-Z Keypad Blitz II
pecheneg
Multiple Oscar Actors
pecheneg
Mystery Phrase Blitz: Oscar 'Best Actors'
pecheneg
F. Scott Fitzgerald Novels
LTH
Pick 3 Villains
ddd62291
Trending Topics
NBA
Kpop
Harry Potter
Marvel
Crossword
Anime
Disney
Country
NFL
Pokémon
The Office
WWE
Soccer
Puzzle
Song
Your Account Isn't Verified!
In order to create a playlist on Sporcle, you need to verify the email address you used during registration. Go to your
Sporcle Settings
to finish the process.
Report this User
Report this user for behavior that violates our
Community Guidelines
.
Details:
Send Report
Go to the Sporcle.com Mobile Site →
Comments